| 000 | 00436nam a2200169 a 4500 | ||
|---|---|---|---|
| 001 | 6681 | ||
| 003 | CO-ViMGA | ||
| 008 | 141112s2004 ck r 000 u spa d | ||
| 040 |
_aCO-ViMGA _bspa _cCO-ViMGA |
||
| 082 | 0 | 4 | _a784.624 S153 |
| 100 | 1 |
_aSalgado, Antonio _95577 |
|
| 245 | 1 | 0 | _aNuevas canciones infantiles |
| 260 |
_aMexico : _bSelector, _c1993 |
||
| 300 | _a150 p : il | ||
| 650 | 1 | 4 |
_aCANCIONES INFANTILES _91028 |
| 942 |
_2ddc _cBK |
||
| 999 |
_c18650 _d18650 |
||